| 000 | 02061nam a22004697a 4500 | ||
|---|---|---|---|
| 001 | 000071180 | ||
| 003 | CHAP | ||
| 005 | 20220329141444.0 | ||
| 008 | 971013s1987 r 00010 d | ||
| 010 | _a68451 | ||
| 011 | _a69423 | ||
| 035 | _a78899 | ||
| 040 | _cCHAP | ||
| 082 | 0 | 4 |
_a634.922 _bS3 |
| 100 | 0 | 0 |
_aSánchez Vélez, Alejandro S. _9107932 |
| 245 | 1 | 0 |
_aConceptos elementales de hidrología forestal : _b: agua, cuenca y vegetación. |
| 260 |
_aChapingo, Méx. : _bUACH. División de Ciencias Forestales, _c1987. |
||
| 300 | _a3 v. | ||
| 500 | _aLa biblioteca tiene : v.1 | ||
| 590 |
_aBATCH-UPD _b10 _c20130110 _lUCH01 _h1239 |
||
| 590 |
_aBATCH-UPD _b10 _c20130410 _lUCH01 _h0806 |
||
| 590 |
_aBATCH-UPD _b10 _c20130913 _lUCH01 _h2256 |
||
| 590 |
_aCONVERSION _b10 _c20130109 _lUCH01 _h1338 |
||
| 590 |
_aE5995AHE _b05 _c20150325 _lUCH01 _h1403 |
||
| 650 | 1 | 4 |
_aAgua y bosques. _92489 |
| 901 | _aBK | ||
| 942 | _cLIBRO | ||
| 942 | _n0 | ||
| 949 |
_a634.922 S3 _bBC _cLIBRO _d-31775 _eLIBRO _fv.1 _h71784 _i78899 _sm |
||
| 949 |
_a634.922 S3 _bBC _cLIBRO _d33724000233979 _eLIBRO _fv.1 c.4 _h71787 _i78899 _si |
||
| 949 |
_a634.922 S3 _bBC _cLIBRO _d33724000233995 _eLIBRO _fv.1 c.3 _h71786 _i78899 _si |
||
| 949 |
_a634.922 S3 _bBC _cLIBRO _d33724000234001 _eLIBRO _fv.1 c.5 _h71788 _i78899 _si |
||
| 949 |
_a634.922 S3 _bBC _cLIBRO _d33724000234019 _eLIBRO _fv.1 c.13 _h104802 _i78899 _si |
||
| 949 |
_a634.922 S3 _bBC _cLIBRO _d33724000234027 _eLIBRO _fv.1 c.9 _h71792 _i78899 _si |
||
| 949 |
_a634.922 S3 _bBC _cLIBRO _d33724000234134 _eLIBRO _fv.1 c.10 _h71793 _i78899 _si |
||
| 949 |
_a634.922 S3 _bBC _cLIBRO _d33724000234142 _eLIBRO _fv.1 c.12 _h81662 _i78899 _si |
||
| 949 |
_a634.922 S3 _bBC _cLIBRO _d33724000581583 _eLIBRO _fv.1 c.6 _h71789 _i78899 _si |
||
| 949 |
_a634.922 S3 _bBC _cLIBRO _d33724000665071 _eLIBRO _fv.1 c.7 _h71790 _i78899 _si |
||
| 949 |
_a634.922 S3 _bBC _cLIBRO _d33724000916292 _eLIBRO _fv.1 c.11 _h74220 _i78899 _si |
||
| 949 |
_a634.922 S3 _bBC _cLIBRO _d33724002060835 _eLIBRO _fv.1 c.2 _h71785 _i78899 _si |
||
| 949 |
_a634.922 S3 _bBC _cUACH _d-95019 _eUACH _fv.1 c.8 _h71791 _i78899 _si |
||
| 999 |
_c68451 _d68451 |
||